000 00394nam a2200169Ia 4500
008 210210b xxu||||| |||| 00| 0 eng d
041 _aeng
082 _a828/734
100 _aG A NATESAN AND COMPANY
245 _aSir Pherozesha Mehta
260 _aMadras
_bG A Natesan and Company
_c
650 _aSir
650 _aPherozesha
650 _aMehta
690 _aBiography
906 _a016579
999 _c136191
_d136191